[Event "Wuerttemberg-ch Seniors 15th"]
[Site "Ellwangen"]
[Date "2003.04.19"]
[Round "9"]
[White "Roggenstein, Bruno"]
[Black "Krampe, Helmut"]
[Result "1/2-1/2"]
[WhiteElo "1825"]
[BlackElo "1710"]
[PlyCount "80"]
[EventDate "2003.04.??"]
[EventType "swiss"]
[EventRounds "9"]
[EventCountry "GER"]
[SourceTitle "EXT 2006"]
[Source "ChessBase"]
[SourceDate "2005.11.24"]
[SourceVersion "1"]
[SourceVersionDate "2005.11.24"]
[SourceQuality "1"]

1. d4 Nf6 2. c4 c6 3. Nc3 e6 4. Nf3 Be7 5. Bg5 d6 6. e3 Nbd7 7. Bd3 h6 8. Bh4 e5 9. d5 Nc5 10. Bc2 a5 11. a4 Bd7 12. 0-0 Qc8 13. Ne1 g5 14. Bg3 h5 15. f3 cxd5 16. cxd5 Na6 17. Rc1 Nb4 18. Bb3 Qd8 19. Bf2 Rc8 20. Nd3 Na6 21. Nb5 Rxc1 22. Qxc1 Qc8 23. Qd2 b6 24. Rc1 Qb7 25. e4 Nh7 26. Qc3 0-0 27. Qd2 Rc8 28. Qe3 Nc5 29. Nxc5 bxc5 30. Bc4 Kg7 31. Be1 Bxb5 32. Bxb5 Bd8 33. Rc3 Bb6 34. Bf2 Rb8 35. Qe2 Nf6 36. g3 Qc8 37. Kg2 Qd8 38. Be3 Kh6 39. Rc1 Kg6 40. Qd2 Ng8 1/2-1/2